La broma de Coquena. La hija de la Pachamama : leyendas collas /
Según los collas, entre cerros y quebradas anda siempre Coquena, con su cuerpo de chico y un sombrero aludo, a veces caritativo, pero siempre de cuidado; de eso se trata el primer relato de este libro. La segunda historia narra lo que le pasó al pobre Juan, cuando conoció otro poderoso ser de la mon...
Guardado en:
| Autor Principal: | |
|---|---|
| Otros Autores: | , |
| Formato: | Libro |
| Idioma: | Undetermined |
| Publicado: |
Buenos Aires :
Arte Gráfico,
2005.
|
| Edición: | 1a ed. |
| Series: | Cuentos y leyendas de mi país - Genios ;
6 |
| Materias: | |
| Etiquetas: |
Agregar Etiqueta
Sin Etiquetas, Sea el primero en etiquetar este registro!
|
| LEADER | 01254nam a22002655a 4500 | ||
|---|---|---|---|
| 001 | CEM.cems021311 | ||
| 008 | 240730s2005####ag############000#0#und#d | ||
| 005 | 20240730145416.0 | ||
| 245 | 1 | 0 | |a La broma de Coquena. La hija de la Pachamama : |b leyendas collas / |c Selección y adaptación de Miguel Ángel Palermo ; ilustrado por Aldo Chiappe y Alberto Pez. |
| 250 | |a 1a ed. | ||
| 260 | |a Buenos Aires : |b Arte Gráfico, |c 2005. | ||
| 300 | |a 50 p. | ||
| 490 | 1 | |a Cuentos y leyendas de mi país - Genios ; |v 6 | |
| 520 | |a Según los collas, entre cerros y quebradas anda siempre Coquena, con su cuerpo de chico y un sombrero aludo, a veces caritativo, pero siempre de cuidado; de eso se trata el primer relato de este libro. La segunda historia narra lo que le pasó al pobre Juan, cuando conoció otro poderoso ser de la montaña: Pachamama, la Madre Tierra siempre venerada en el Noroeste. | ||
| 020 | |a 9507825312 | ||
| 100 | 1 | |a Palermo, Miguel Ángel. | |
| 700 | 1 | |a Chiappe, Aldo; il. | |
| 700 | 1 | |a Pez, Alberto; il. | |
| 653 | |a Mitos | ||
| 653 | |a Leyendas | ||
| 653 | |a Mitos argentinos | ||
| 653 | |a Leyendas argentinas | ||
| 653 | |a Pueblos originarios | ||
| 653 | |a Collas | ||
| 859 | |a CEMS |b BIB. CEMS - Inicial y Primaria |h 398.2 |i P174-14 |k IP |p 6876 |t Ej.1 | ||
